MARC

LEADER 00000nam0a2200000 4500
001 355323
005 20231101041704.0
035 |a (RuTPU)RU\TPU\retro\12582 
035 |a RU\TPU\retro\12581 
090 |a 355323 
100 |a 20200706d1949 k y0rusy50 ca 
101 0 |a rus  |a eng 
102 |a RU 
105 |a a z 001zy 
200 1 |a Вып. 1 (новая серия)  |f Всесоюзный научно-исследовательский институт минерального сырья (ВИМС) ; под ред. Н. А. Сергеевой 
210 |a Москва  |a Ленинград  |c Госгеолиздат  |d 1949 
215 |a 52 с.  |c ил., карты 
225 1 |a Труды Всесоюзного научно-исследовательского института минерального сырья  |v Вып. 1 
320 |9 572  |a Библиогр.: с. 142-144 
610 1 |a плавиковый шпат 
610 1 |a поисковые признаки 
610 1 |a бокситовые месторождения 
610 1 |a генезис 
610 1 |a часов-ярская глина 
610 1 |a минералогия 
610 1 |a полезные ископаемые 
610 1 |a компоненты 
610 1 |a горючие ископаемые 
610 1 |a исследования 
610 1 |a треугольник Лебедева 
610 1 |a уголь 
610 1 |a люминесценция 
675 |a 548.5  |v 4 
702 1 |a Сергеева  |b Н. А.  |4 340 
712 0 2 |a Всесоюзный научно-исследовательский институт минерального сырья (ВИМС)  |c (Москва)  |c (1935-1991)  |2 stltpush  |3 (RuTPU)RU\TPU\col\18352 
801 1 |a RU  |b 63413507  |c 20171121 
801 2 |a RU  |b 63413507  |c 20200706  |g RCR 
942 |c BK